00490nam a22001571 4500008004100000100002200041245006000063260005700123300002200180500004100202504003800243700002400281003000100305005001700306040000900323 1 aBramante, Donato.00aBramante :bcon 134 tavole in rotocalco ed 1 tricromia. aBergamo :bIstituto italiano d'arti grafiche,c1944. a134 p. ;c26 cm. aAt head of title: Costantino Baroni. a"Sinossi bibliografica": p.53-54.1 aBaroni, Costantino.20230120131031.0 cNUST